000 00569nam a22002297a 4500
003 UA-OsUOA
001 53026
007 ta
008 20080312b un ||||| |||| 00| 0 ukr d
090 _a572(075.8)
_bА72
942 _cBK
040 _aUA-OsUOA
_brus
_cUA-OsUOA
_dUA-OsUOA
245 _aАнтропология. Хрестоматия
_bПособие
300 _a448 с.
955 _a2
041 _arus
080 _a572(075.8)
020 _a978-5-9770-0109-0
260 _aМ.
_c2007
650 7 _a572 Антропологія
_2UDC
999 _c339110
_d339110